[Event "CXV R - 011 email"]
[Site "Brazil CXV"]
[Date "2000.10.22"]
[Round "?"]
[White "Bechuate, Alexandre"]
[Black "Da Silva, Raimundo Francisco"]
[Result "0-1"]
[WhiteElo "1489"]
[BlackElo "1976"]
[PlyCount "46"]
[EventDate "2000.??.??"]
[EventType "tourn (corr)"]
[EventRounds "6"]
[EventCountry "BRA"]
[SourceTitle "Corr 2004"]
[Source "ChessBase"]
[SourceDate "2003.04.28"]
[SourceVersion "3"]
[SourceVersionDate "2003.04.28"]
[SourceQuality "1"]

1. e4 c5 2. f4 d5 3. exd5 Qxd5 4. Nc3 Qd6 5. Nf3 Nc6 6. Bc4 Bf5 7. d3 Nf6 8. 0-0 e6 9. Re1 Be7 10. Nb5 Qd8 11. Bd2 a6 12. Na3 Bg4 13. Qe2 Bxf3 14. Qxf3 Qd4+ 15. Be3 Qxb2 16. Reb1 Qxa3 17. Rxb7 Rc8 18. Rb6 Nb4 19. Qb7 0-0 20. Qxe7 Nfd5 21. Qd6 Nxb6 22. Qxb6 Nxc2 23. Bc1 Qc3 0-1

[Event "CXV R - 011 email"]
[Site "Brazil CXV"]
[Date "2000.10.22"]
[Round "?"]
[White "Rommell, Michael"]
[Black "Bechuate, Alexandre"]
[Result "1-0"]
[WhiteElo "1783"]
[BlackElo "1478"]
[PlyCount "47"]
[EventDate "2000.??.??"]
[EventType "tourn (corr)"]
[EventRounds "6"]
[EventCountry "BRA"]
[SourceTitle "Corr 2004"]
[Source "ChessBase"]
[SourceDate "2003.04.28"]
[SourceVersion "3"]
[SourceVersionDate "2003.04.28"]
[SourceQuality "1"]

1. e4 e5 2. Nf3 Nc6 3. Bb5 a6 4. Ba4 Nf6 5. 0-0 Nxe4 6. Re1 Nc5 7. Bxc6 dxc6 8. Nxe5 Be7 9. d4 Ne6 10. Be3 0-0 11. Nc3 Bb4 12. a3 Ba5 13. Qd3 f6 14. Nf3 Bb6 15. Rad1 Ng5 16. Bxg5 fxg5 17. Ne4 h6 18. Qb3+ Qd5 19. c4 Qf7 20. Ne5 Qe8 21. c5+ Be6 22. Qb4 Ba7 23. Qxb7 Qb8 24. Qxc6 1-0